• 首页
  • 本馆介绍
  • 公告通知
  • 最新文献
  • 馆藏检索
  • 电子资源
  • 读者导购
  • 参考咨询
  • 我的图书馆
  • 登录
  • 详细信息显示
  • 放入我的书架
  • 预约/预借图书
  • 作者相关作品
  • 分类相关作品
  • 丛书相关作品
  • 出版社相关作品

书目信息

  • 表格格式
  • 工作单格式
  • 卡片格式
题名:
为什么不是最好的?
    
 
作者: 卡特 , Carter 著 ;版本图书馆编译室 译
分册:  
出版信息: 北京   商务印书馆  1977
页数: 206页
开本: 19cm
丛书名:
单 册:
中图分类: K837.127.5 , K837.12
科图分类:
主题词:
电子资源:
ISBN:
000 00829nam0 2200277 450
001 1540367470
005 20150120111313.89
010    @dCNY0.53
091    @a3017.212@dCNY0.53
100    @a20030424d1977 em y0chiy0110 ea
101 1  @achi@ceng
102    @aCN@b110000
105    @aa z 000ya
200 1  @a为什么不是最好的?@9wei shen me bu shi zui hao de?@f(美)吉米·卡特(JimmyCarter)著@g版本图书馆编译室译
210    @a北京@c商务印书馆@d1977
215    @a206页@c照片@d19cm
300    @a内部发行
510 1  @aWhy not the best?@zeng
600  1 @a卡特@bJ.@x回忆录
690    @aK837.127.5@v5
690    @aK837.12@v4
701  1 @a卡特@9ka te@bJ.@4著
701  1 @aCarter@bJimmy@4著
712 02 @a版本图书馆编译室@9ban ben tu shu guan bian yi shi@4译
801  0 @aCN@bTSSF@c20150120
905    @aZUCC@dK837.12@eJY75
    
    为什么不是最好的?/(美)吉米·卡特(JimmyCarter)著/版本图书馆编译室译.-北京:商务印书馆,1977
    206页:照片;19cm
    内部发行
    
    ISBN :CNY0.53
    
●
相关链接 在E读中查询图书 在五车中查询图书 在当当中查询图书 在豆瓣中查询图书


正题名:为什么不是最好的?     索取号:K837.12/JY75         预约/预借

序号 登录号 条形码 馆藏地/架位号 状态 备注
1 7836608   278366082   学院路分馆/ [索取号:K837.12/JY75] 在馆    
唐山师范学院图书馆 欢迎您!
大连网信软件有限公司© 版权所有